000 00784nam a2200289Ia 4500
001 60064
003 IT-RoPAU
008 130308s9999 xx 000 0 und d
040 _aIT-RoPAU
040 _cIT-RoPAU
041 _aINGLESE
100 _aAird Eileen
100 _gCodice Aut. SPICS: 21181
245 _aGender, Education and Change
245 _bIntroduction to Contemporary Cultural Studies
250 _a1a ed.
260 _aLONDON
260 _bLongman Group Limited
260 _c1986 [1° Ed.:1986 - Ed.Ling.Originale:1986]
300 _a"10 p. (prefazione: no ; testo: 10 [pagine: 212-222])"
650 _aEDUCAZIONE ALLA COMUNICAZIONE SOCIALE
650 _eCodice materia Spics: 3812
942 _cBK
957 _71
999 _c45761
_d45761
999 _bSI
999 _g1